Premier League Everton's Top Scorers Quiz Stats

 Plays Quiz Updated Aug 4, 2020

Support Sporcle.
Go Orange.
Score 0/34 Timer 08:00
11 Plays Today
Goals Player % Correct
68Romelu Lukaku
83%
57Duncan Ferguson
80.8%
56Tim Cahill
77.3%
29Leighton Baines
76.9%
24Dominic Calvert-Lewin
76.5%
25Wayne Rooney
74.3%
26Richarlison
73%
44Leon Osman
64%
14Phil Jagielka
61%
20Seamus Coleman
58.8%
25Yakubu Aiyegbeni
57.3%
19Gylfi Sigurðsson
57.2%
26Mikel Arteta
56.8%
45Kevin Campbell
53.6%
25Marouane Fellaini
51.7%
17Andrew Johnson
51.2%
26Louis Saha
50.9%
Goals Player % Correct
21Ross Barkley
50.9%
29Kevin Mirallas
49.3%
20Steven Pienaar
49.2%
33David Unsworth
45.6%
15Steven Naismith
42.3%
29Paul Rideout
37.2%
28Tony Cottee
36.6%
14Joleon Lescott
34.8%
20Andrei Kanchelskis
34.8%
18Francis Jeffers
34.3%
25Tomasz Radzinski
33.7%
18Victor Anichebe
32.4%
14Steve Watson
31.8%
16Nikica Jelavić
31.7%
22Graham Stuart
28.1%
16James Beattie
27.6%
19Nick Barmby
27.1%

You're not logged in!

Compare scores with friends on all Sporcle quizzes.
OR
Log In

From the Vault

'T' Vocabulary (Hard)

by beforever

'T' words always sound so sharp.
Remove Ads.
Support Sporcle.
Get the best of Sporcle when you Go Orange. This ad-free experience offers more features, more stats, and more fun while also helping to support Sporcle. Thank you for becoming a member.

Show Comments

Extras

Top Quizzes Today


Score Distribution

Your Account Isn't Verified!

In order to create a playlist on Sporcle, you need to verify the email address you used during registration. Go to your Sporcle Settings to finish the process.

Report this User

Report this user for behavior that violates our Community Guidelines.

Details: